000 00662nam a2200265Ia 4500
005 20260121172432.0
008 008 260114s9999 xx 000 0 eng d
020 _a9783030686925
037 _aEBOOK
040 _aCRL
040 _beng
040 _cCRL
041 _2eng
041 _aeng
084 _qCRL
100 _aAram Daniel Kerkonian
_91088417
245 0 _aSpace Regulation in Canada: Past, Present and Potential
260 _bSpringer
260 _bSpringer
260 _c2021
856 _uhttps://link.springer.com/openurl?genre=book&isbn=978-3-030-68692-5
942 _cEBOOK
999 _c1654156
_d1654156